[Event "Hampshire Open"]
[Site "Fareham"]
[Date "2023.11.05"]
[Round "6.11"]
[White "Crosswell, Neil"]
[Black "Coburn, Joseph A"]
[Result "0-1"]
[WhiteElo "1752"]
[BlackElo "1859"]
[PlyCount "66"]
[EventDate "2023.11.03"]
[EventType "swiss"]
[EventRounds "6"]
[EventCountry "ENG"]
[SourceTitle "BritBase"]
[Source "John Saunders"]
[SourceDate "2025.02.10"]
[SourceVersion "1"]
[SourceVersionDate "2025.02.10"]
[SourceQuality "1"]

1. d4 d6 2. c4 Nf6 3. Nc3 g6 4. Nf3 Bg7 5. g3 Nbd7 6. Bg2 c6 7. O-O O-O 8. Bd2 e5 9. dxe5 dxe5 10. Qc1 Re8 11. Bh6 e4 12. Bxg7 Kxg7 13. Ng5 e3 14. f4 Nc5 15. Nd1 Qd2 16. Bf3 h6 17. Qxd2 exd2 18. Nxf7 Kxf7 19. Nc3 Bg4 20. Rad1 Bxf3 21. Rxf3 Rad8 22. h3 Nce4 23. Kf1 Nxc3 24. Rxc3 Ne4 25. Rf3 Kg7 26. Re3 Rd4 27. b3 Red8 28. Rf3 b5 29. cxb5 cxb5 30. g4 Rc8 31. Rd3 Rxd3 32. exd3 Rc1 33. Ke2 Nc3+ 0-1

[Event "Hampshire Open"]
[Site "Fareham"]
[Date "2023.11.05"]
[Round "6.12"]
[White "Melling, Hugo"]
[Black "Moore, Gillian A"]
[Result "1-0"]
[WhiteElo "1717"]
[BlackElo "1702"]
[PlyCount "101"]
[EventDate "2023.11.03"]
[EventType "swiss"]
[EventRounds "6"]
[EventCountry "ENG"]
[SourceTitle "BritBase"]
[Source "John Saunders"]
[SourceDate "2025.02.10"]
[SourceVersion "1"]
[SourceVersionDate "2025.02.10"]
[SourceQuality "1"]

1. d4 d5 2. c4 Nc6 3. Nc3 dxc4 4. e3 e5 5. d5 Na5 6. Qa4+ c6 7. Nf3 b5 8. Qd1 b4 9. Nb1 cxd5 10. Nxe5 Bd7 11. Qxd5 Be6 12. Qb5+ Ke7 13. Qxa5 Qxa5 14. Nc6+ Kf6 15. Nxa5 Rc8 16. a3 b3 17. Nd2 c3 18. bxc3 Rb8 19. Nac4 g6 20. Bb2 Kg7 21. Nf3 Be7 22. Nce5 Rb6 23. Nd4 Bd5 24. Bc4 Bxc4 25. Nxc4 Rb7 26. O-O Nf6 27. Rab1 Ne4 28. f3 Nc5 29. Bc1 Rc8 30. Na5 Rb6 31. Rf2 Nd3 32. Rd2 Nxc1 33. Rxc1 Bxa3 34. Rb1 Rxc3 35. Rxb3 Rc1+ 36. Kf2 Bb4 37. Ra2 Be1+ 38. Ke2 Ra6 39. Rba3 Bb4 40. Ra4 Re1+ 41. Kd3 Bd6 42. Nc4 Rxa4 43. Rxa4 Bb8 44. f4 Rb1 45. Nc6 f5 46. Nxb8 Rxb8 47. Rxa7+ Kh6 48. Ne5 Rb2 49. g4 fxg4 50. Nxg4+ Kh5 51. Nf6+ 1-0

[Event "Hampshire Major"]
[Site "Fareham"]
[Date "2023.11.03"]
[Round "1.2"]
[White "Stout, Nicholas"]
[Black "O'Gorman, Brendan"]
[Result "1/2-1/2"]
[WhiteElo "1699"]
[BlackElo "1873"]
[PlyCount "88"]
[EventDate "2023.11.03"]
[EventType "swiss"]
[EventRounds "6"]
[EventCountry "ENG"]
[SourceTitle "BritBase"]
[Source "John Saunders"]
[SourceDate "2025.02.10"]
[SourceVersion "1"]
[SourceVersionDate "2025.02.10"]
[SourceQuality "1"]

1. d4 d5 2. e3 Nf6 3. Bd3 c5 4. c3 Nbd7 5. Nf3 g6 6. Nbd2 Bg7 7. O-O O-O 8. h3 b6 9. e4 dxe4 10. Nxe4 Bb7 11. Re1 cxd4 12. Nxd4 Nxe4 13. Bxe4 Bxe4 14. Rxe4 Nc5 15. Re1 e5 16. Nb3 Nd3 17. Re3 Nxc1 18. Rxc1 Qc7 19. Rd3 Rad8 20. Rc2 Rxd3 21. Qxd3 Rd8 22. Qe2 Rd5 23. Rd2 Qd7 24. Kf1 Bh6 25. Rxd5 Qxd5 26. Qc2 Kf8 27. a3 e4 28. Nd4 e3 29. f3 Qe5 30. Qd3 Qg3 31. Qe2 Qh2 32. Ke1 Bg5 33. Qf1 Bh4+ 34. Ke2 Bf2 35. Nc2 Qe5 36. Qd1 Qb5+ 37. Qd3 Qxb2 38. Qd8+ Kg7 39. Qd4+ Kh6 40. Qf4+ Kg7 41. Qe5+ f6 42. Qc7+ Kf8 43. Qd8+ Kg7 44. Qc7+ Kf8 1/2-1/2

[Event "Hampshire Major"]
[Site "Fareham"]
[Date "2023.11.03"]
[Round "1.3"]
[White "Soenen, Maxime"]
[Black "Pinto, Phil B"]
[Result "1/2-1/2"]
[WhiteElo "1556"]
[BlackElo "1698"]
[PlyCount "83"]
[EventDate "2023.11.03"]
[EventType "swiss"]
[EventRounds "6"]
[EventCountry "ENG"]
[SourceTitle "BritBase"]
[Source "John Saunders"]
[SourceDate "2025.02.10"]
[SourceVersion "1"]
[SourceVersionDate "2025.02.10"]
[SourceQuality "1"]

1. e4 e6 2. Nf3 d5 3. e5 c5 4. b4 cxb4 5. a3 Nc6 6. axb4 Bxb4 7. c3 Be7 8. d4 Bd7 9. Bd3 f6 10. O-O f5 11. Re1 Nh6 12. Na3 Na5 13. Nb5 Nf7 14. Qa4 Nc6 15. c4 dxc4 16. Qxc4 O-O 17. Bxf5 Na5 18. Qa4 b6 19. d5 Bxb5 20. Qxb5 exf5 21. Ba3 Bxa3 22. Rxa3 Rc8 23. e6 Nd6 24. Qd3 Qe7 25. Ne5 Nac4 26. Nxc4 Nxc4 27. Ra4 Nb2 28. Qa3 Qxa3 29. Rxa3 Nc4 30. Rxa7 Nd6 31. f3 Rfe8 32. Ra6 Nc4 33. Ra7 Rcd8 34. Rc7 b5 35. Rc5 Nd6 36. Rc7 Rc8 37. Rd7 Rcd8 38. Rc7 Nc4 39. Rc5 Rb8 40. Rb1 Nd6 41. Rc6 Rbd8 42. Rc7 1/2-1/2

[Event "Hampshire Major"]
[Site "Fareham"]
[Date "2023.11.03"]
[Round "1.4"]
[White "Goodlad, Daniel"]
[Black "Edney, Richard H"]
[Result "0-1"]
[WhiteElo "1686"]
[BlackElo "1828"]
[PlyCount "102"]
[EventDate "2023.11.03"]
[EventType "swiss"]
[EventRounds "6"]
[EventCountry "ENG"]
[SourceTitle "BritBase"]
[Source "John Saunders"]
[SourceDate "2025.02.10"]
[SourceVersion "1"]
[SourceVersionDate "2025.02.10"]
[SourceQuality "1"]

1. d4 Nf6 2. c4 g6 3. Nc3 Bg7 4. e4 d6 5. h3 O-O 6. Be3 e5 7. d5 a5 8. g4 Na6 9. Nge2 Nc5 10. Ng3 Bd7 11. Be2 Qc8 12. Bg5 h6 13. Be3 Kh7 14. Qd2 Ng8 15. O-O-O b6 16. Rdg1 Ne7 17. Bd1 Qa6 18. b3 b5 19. cxb5 Bxb5 20. Bxc5 dxc5 21. Nxb5 Qxb5 22. Be2 Qb6 23. Qd3 Rfb8 24. a4 Qxb3 25. Qxb3 Rxb3 26. Bb5 Nc8 27. Kc2 Rb4 28. Bc6 Rab8 29. Rb1 Nd6 30. Rxb4 Rxb4 31. Rb1 Bf6 32. Rxb4 cxb4 33. f3 Bg5 34. Ne2 f5 35. f4 exf4 36. e5 Nf7 37. e6 Nd6 38. gxf5 f3 39. fxg6+ Kxg6 40. Ng3 f2 41. Kd3 Nf5 42. Be8+ Kh7 43. Nf1 Kg7 44. Ke2 b3 45. Kd3 b2 46. Kc2 Bc1 47. Bb5 Kf6 48. Nh2 Ne3+ 49. Kb1 Nxd5 50. Ng4+ Kxe6 51. Nxf2 Nc3+ 0-1

[Event "Hampshire Major"]
[Site "Fareham"]
[Date "2023.11.03"]
[Round "1.5"]
[White "Holmes, David J"]
[Black "Archer Lock, Helen"]
[Result "0-1"]
[WhiteElo "1816"]
[BlackElo "1642"]
[PlyCount "62"]
[EventDate "2023.11.03"]
[EventType "swiss"]
[EventRounds "6"]
[EventCountry "ENG"]
[SourceTitle "BritBase"]
[Source "John Saunders"]
[SourceDate "2025.02.10"]
[SourceVersion "1"]
[SourceVersionDate "2025.02.10"]
[SourceQuality "1"]

1. e4 d5 2. d4 dxe4 3. Nc3 Nf6 4. f3 exf3 5. Nxf3 Bg4 6. h3 Bh5 7. g4 Bg6 8. Ne5 e6 9. h4 Bb4 10. Bg2 Be4 11. Bxe4 Nxe4 12. Qf3 Qxd4 13. Nd3 Bxc3+ 14. bxc3 Qxc3+ 15. Ke2 Qxa1 16. Qxe4 Qc3 17. Qxb7 Qxc2+ 18. Ke3 O-O 19. Qxa8 Nc6 20. Qb7 Rd8 21. Qb3 Qg2 22. Rd1 Qg3+ 23. Kd2 Qf4+ 24. Ke1 Qe4+ 25. Kf2 Nd4 26. Ne1 Qe2+ 27. Kg1 Nf3+ 28. Qxf3 Qxd1 29. Qxd1 Rxd1 30. Bf4 Rxe1+ 31. Kf2 Ra1 0-1

[Event "Hampshire Major"]
[Site "Fareham"]
[Date "2023.11.03"]
[Round "1.7"]
[White "Collyer, David"]
[Black "Belinger, John"]
[Result "1-0"]
[WhiteElo "1804"]
[BlackElo "1614"]
[PlyCount "31"]
[EventDate "2023.11.03"]
[EventType "swiss"]
[EventRounds "6"]
[EventCountry "ENG"]
[SourceTitle "BritBase"]
[Source "John Saunders"]
[SourceDate "2025.02.10"]
[SourceVersion "1"]
[SourceVersionDate "2025.02.10"]
[SourceQuality "1"]

1. e4 c5 2. Nf3 g6 3. c4 Nc6 4. d4 cxd4 5. Nxd4 Bg7 6. Be3 Nf6 7. Nc3 Ng4 8. Qxg4 Bxd4 9. Bxd4 Nxd4 10. O-O-O e5 11. Qg3 d6 12. f4 Qc7 13. fxe5 Qc5 14. exd6 O-O 15. Nd5 f6 16. b4 1-0

[Event "Hampshire Major"]
[Site "Fareham"]
[Date "2023.11.03"]
[Round "1.8"]
[White "Warner, Nicholas"]
[Black "Jones, Tim"]
[Result "0-1"]
[WhiteElo "1610"]
[BlackElo "1795"]
[PlyCount "32"]
[EventDate "2023.11.03"]
[EventType "swiss"]
[EventRounds "6"]
[EventCountry "ENG"]
[SourceTitle "BritBase"]
[Source "John Saunders"]
[SourceDate "2025.02.10"]
[SourceVersion "1"]
[SourceVersionDate "2025.02.10"]
[SourceQuality "1"]

1. f4 d5 2. Nf3 Nf6 3. b3 g6 4. Bb2 Bg7 5. e3 O-O 6. Be2 Bg4 7. O-O c6 8. h3 Bxf3 9. Bxf3 Nbd7 10. d3 Qc7 11. Nd2 Rad8 12. Rc1 Rfe8 13. g4 Nxg4 14. Bxg7 Nxe3 15. Qe2 Nxf1 16. Rxf1 Kxg7 0-1

[Event "Hampshire Major"]
[Site "Fareham"]
[Date "2023.11.03"]
[Round "1.9"]
[White "McDonald, Robert"]
[Black "Balerno, Pietro Silke"]
[Result "1-0"]
[WhiteElo "1788"]
[BlackElo "1603"]
[PlyCount "57"]
[EventDate "2023.11.03"]
[EventType "swiss"]
[EventRounds "6"]
[EventCountry "ENG"]
[SourceTitle "BritBase"]
[Source "John Saunders"]
[SourceDate "2025.02.10"]
[SourceVersion "1"]
[SourceVersionDate "2025.02.10"]
[SourceQuality "1"]

1. c4 e6 2. g3 d5 3. Bg2 Nf6 4. Nf3 d4 5. d3 c5 6. O-O Nc6 7. e3 Rb8 8. exd4 cxd4 9. Bg5 h6 10. Bxf6 Qxf6 11. a3 a5 12. Nbd2 Bd7 13. Ne4 Qd8 14. Qc2 f5 15. Ned2 Bc5 16. Rfe1 O-O 17. Re2 Re8 18. Rae1 Qf6 19. Ne5 Nxe5 20. Rxe5 Bd6 21. Rxa5 Bc7 22. Ra7 Bb6 23. Rxb7 Rxb7 24. Bxb7 f4 25. Bg2 fxg3 26. hxg3 Rf8 27. Ne4 Qg6 28. c5 Bc7 29. c6 1-0

[Event "Hampshire Major"]
[Site "Fareham"]
[Date "2023.11.03"]
[Round "1.10"]
[White "Devlin, Liam"]
[Black "Blanden, Edward A"]
[Result "0-1"]
[WhiteElo "1606"]
[BlackElo "1755"]
[PlyCount "49"]
[EventDate "2023.11.03"]
[EventType "swiss"]
[EventRounds "6"]
[EventCountry "ENG"]
[SourceTitle "BritBase"]
[Source "John Saunders"]
[SourceDate "2025.02.10"]
[SourceVersion "1"]
[SourceVersionDate "2025.02.10"]
[SourceQuality "1"]

1. d4 Nf6 2. Nc3 d5 3. Bf4 c5 4. e4 e6 5. e5 Nfd7 6. Nf3 Nc6 7. Bb5 a6 8. Bxc6 bxc6 9. O-O cxd4 10. Qxd4 Be7 11. Qe3 O-O 12. Nd4 Bb7 13. Qg3 Kh8 14. Nf3 Rg8 15. h4 Nf8 16. Rad1 Qe8 17. Be3 c5 18. Bc1 d4 19. Ne2 Bxf3 20. gxf3 Ng6 21. h5 Nh4 22. Kh2 Nf5 23. Qh3 Qa4 24. Rg1 Qxc2 25. Nf4 {... x moves (illegible)} 0-1

[Event "Hampshire Major"]
[Site "Fareham"]
[Date "2023.11.03"]
[Round "1.11"]
[White "Agostinelli, David"]
[Black "Alexandrsov, Igor"]
[Result "0-1"]
[WhiteElo "1727"]
[BlackElo "1590"]
[PlyCount "102"]
[EventDate "2023.11.03"]
[EventType "swiss"]
[EventRounds "6"]
[EventCountry "ENG"]
[SourceTitle "BritBase"]
[Source "John Saunders"]
[SourceDate "2025.02.10"]
[SourceVersion "1"]
[SourceVersionDate "2025.02.10"]
[SourceQuality "1"]

1. c4 c6 2. Nc3 d5 3. cxd5 cxd5 4. d4 Nf6 5. Nf3 Nc6 6. e3 Bf5 7. Bd3 Bxd3 8. Qxd3 e6 9. a3 a6 10. O-O Bd6 11. Re1 O-O 12. b4 b5 13. Bb2 Na7 14. Rad1 Nc8 15. e4 Be7 16. e5 Nd7 17. Re3 Ncb6 18. Nd2 Rc8 19. Rh3 g6 20. Nb3 Re8 21. Nc5 Nc4 22. Bc1 Nxc5 23. bxc5 Bf8 24. Qg3 Rb8 25. Bg5 Be7 26. Bxe7 Qxe7 27. Ne2 Kh8 28. Rh6 Qf8 29. Qh3 Qg7 30. Rd3 b4 31. axb4 Rxb4 32. g4 a5 33. g5 a4 34. Qh4 Nxe5 35. Rh3 Kg8 36. Rxh7 Nf3+ 37. Rxf3 Qxh7 38. Qg3 Qg7 39. c6 Rc4 40. Rc3 Rxc3 41. Qxc3 Rc8 42. c7 Qf8 43. Ng3 Qe7 44. Qe3 Qxc7 45. Kg2 Qc3 46. Qe5 Qc7 47. Qe3 Qe7 48. h4 a3 49. h5 a2 50. h6 a1=Q 51. Qe5 Qf8 0-1

[Event "Hampshire Major"]
[Site "Fareham"]
[Date "2023.11.03"]
[Round "1.12"]
[White "Vann, Anton"]
[Black "Philidor, Tom"]
[Result "1-0"]
[WhiteElo "1503"]
[BlackElo "1725"]
[PlyCount "85"]
[EventDate "2023.11.03"]
[EventType "swiss"]
[EventRounds "6"]
[EventCountry "ENG"]
[SourceTitle "BritBase"]
[Source "John Saunders"]
[SourceDate "2025.02.10"]
[SourceVersion "1"]
[SourceVersionDate "2025.02.10"]
[SourceQuality "1"]

1. e4 e6 2. d4 d5 3. e5 c5 4. c3 Bd7 5. Nf3 Nc6 6. Bd3 Rc8 7. O-O cxd4 8. Re1 dxc3 9. Nxc3 Bb4 10. Bd2 Bxc3 11. Bxc3 Nge7 12. Rc1 Ng6 13. Bxg6 hxg6 14. b4 Rh5 15. Qd2 Qb6 16. a3 a6 17. Bd4 Nxd4 18. Nxd4 Rxc1 19. Rxc1 Rxe5 20. Qf4 Re4 21. Qb8+ Ke7 22. Nb3 Rc4 23. Rxc4 dxc4 24. Na5 Qd4 25. g3 Bc6 26. Nxc6+ bxc6 27. Qc7+ Kf6 28. Qxc6 Qd1+ 29. Kg2 Qd5+ 30. Qxd5 exd5 31. Kf3 Ke5 32. Ke3 d4+ 33. Kd2 Ke4 34. a4 Kd5 35. f3 c3+ 36. Kd3 c2 37. Kxc2 Kc4 38. b5 axb5 39. a5 Kc5 40. Kd3 b4 41. a6 b3 42. a7 b2 43. Kc2 1-0

[Event "Hampshire Major"]
[Site "Fareham"]
[Date "2023.11.03"]
[Round "1.13"]
[White "Miller, Daniel"]
[Black "Jackson, Lewis"]
[Result "1-0"]
[WhiteElo "1714"]
[BlackElo "1478"]
[PlyCount "81"]
[EventDate "2023.11.03"]
[EventType "swiss"]
[EventRounds "6"]
[EventCountry "ENG"]
[SourceTitle "BritBase"]
[Source "John Saunders"]
[SourceDate "2025.02.10"]
[SourceVersion "1"]
[SourceVersionDate "2025.02.10"]
[SourceQuality "1"]

1. d4 e6 2. c4 f5 3. g3 Nf6 4. Bg2 d6 5. Nc3 Be7 6. Bg5 Nc6 7. Bxf6 Bxf6 8. d5 Bxc3+ 9. bxc3 Ne5 10. Nh3 Ng6 11. dxe6 c6 12. Rb1 Qe7 13. O-O Bxe6 14. Qb3 Bc8 15. e4 f4 16. Nxf4 Nxf4 17. gxf4 O-O 18. f5 Kh8 19. Rbd1 Rf6 20. Qa3 Bd7 21. Rfe1 Rh6 22. Re3 Qh4 23. Rh3 Qg4 24. f3 Qf4 25. Rxh6 gxh6 26. Qxd6 Qe3+ 27. Kf1 Qxc3 28. Qd4+ Qxd4 29. Rxd4 Be8 30. e5 Kg7 31. f4 Rb8 32. Be4 b5 33. f6+ Kf7 34. c5 a5 35. Ke2 b4 36. Kd2 Rb5 37. Kd3 a4 38. Bxh7 b3 39. axb3 axb3 40. Kc3 b2 41. Rb4 1-0

[Event "Hampshire Major"]
[Site "Fareham"]
[Date "2023.11.03"]
[Round "1.14"]
[White "Charalambous, Charles"]
[Black "Ferreira, Erico Oliveira"]
[Result "0-1"]
[WhiteElo "1478"]
[BlackElo "1712"]
[PlyCount "40"]
[EventDate "2023.11.03"]
[EventType "swiss"]
[EventRounds "6"]
[EventCountry "ENG"]
[SourceTitle "BritBase"]
[Source "John Saunders"]
[SourceDate "2025.02.10"]
[SourceVersion "1"]
[SourceVersionDate "2025.02.10"]
[SourceQuality "1"]

1. d4 c5 2. Nf3 cxd4 3. Nxd4 Nc6 4. Nxc6 bxc6 5. e4 g6 6. Bc4 Bg7 7. Qf3 e6 8. c3 d5 9. exd5 cxd5 10. Bb5+ Bd7 11. Bxd7+ Qxd7 12. O-O Nf6 13. Na3 O-O 14. Qe2 Rfc8 15. f3 Qc7 16. Re1 Ne8 17. Nb5 Qb7 18. Bf4 a6 19. Nd6 Nxd6 20. Bxd6 Qb6+ 0-1

[Event "Hampshire Major"]
[Site "Fareham"]
[Date "2023.11.04"]
[Round "2.1"]
[White "Blanden, Edward A"]
[Black "Waters, Andrew"]
[Result "1-0"]
[WhiteElo "1755"]
[BlackElo "1883"]
[PlyCount "95"]
[EventDate "2023.11.03"]
[EventType "swiss"]
[EventRounds "6"]
[EventCountry "ENG"]
[SourceTitle "BritBase"]
[Source "John Saunders"]
[SourceDate "2025.02.10"]
[SourceVersion "1"]
[SourceVersionDate "2025.02.10"]
[SourceQuality "1"]

1. c4 f5 2. Nf3 Nf6 3. g3 g6 4. Bg2 Bg7 5. d4 O-O 6. O-O d6 7. Nc3 c6 8. Re1 Ne4 9. Qc2 Nxc3 10. Qxc3 Nd7 11. Rb1 e5 12. dxe5 Nxe5 13. Qc2 Be6 14. b3 Nxf3+ 15. Bxf3 Be5 16. Bg2 Qc7 17. Ba3 f4 18. Rbd1 fxg3 19. hxg3 Qe7 20. Rf1 c5 21. Qe4 b6 22. Qd3 Rad8 23. e4 Bd4 24. Rd2 Qg7 25. Qe2 h5 26. Bb2 Bg4 27. Bxd4 Bxe2 28. Bxg7 Bxf1 29. Bxf8 Bxg2 30. Kxg2 Kxf8 31. Kf3 Ke7 32. Kf4 Kf6 33. Rd5 Ke6 34. Kg5 Rg8 35. f4 a5 36. a4 Ke7 37. Kh6 h4 38. gxh4 Rh8+ 39. Kg5 Rh5+ 40. Kg4 Rh8 41. h5 gxh5+ 42. Rxh5 Rg8+ 43. Rg5 Rb8 44. Rg6 Kd7 45. f5 Re8 46. Kf4 Rh8 47. Rg7+ Kc8 48. f6 1-0

[Event "Hampshire Major"]
[Site "Fareham"]
[Date "2023.11.04"]
[Round "2.2"]
[White "Edney, Richard H"]
[Black "Miller, Daniel"]
[Result "0-1"]
[WhiteElo "1828"]
[BlackElo "1714"]
[PlyCount "40"]
[EventDate "2023.11.03"]
[EventType "swiss"]
[EventRounds "6"]
[EventCountry "ENG"]
[SourceTitle "BritBase"]
[Source "John Saunders"]
[SourceDate "2025.02.10"]
[SourceVersion "1"]
[SourceVersionDate "2025.02.10"]
[SourceQuality "1"]

1. d4 Nf6 2. Bg5 d5 3. Bxf6 gxf6 4. c4 e5 5. e3 exd4 6. exd4 Qe7+ 7. Be2 dxc4 8. Nf3 Rg8 9. O-O Bh3 10. Ne1 Nc6 11. Nc3 O-O-O 12. d5 Ne5 13. Qc2 Bh6 14. Kh1 Qd7 15. gxh3 Qxh3 16. Qe4 Kb8 17. Rd1 Rg4 18. f4 Rdg8 19. d6 Qxf1+ 20. Bxf1 Rg1# 0-1

[Event "Hampshire Major"]
[Site "Fareham"]
[Date "2023.11.04"]
[Round "2.3"]
[White "Tello, Yasser"]
[Black "Alexandrsov, Igor"]
[Result "0-1"]
[WhiteElo "1813"]
[BlackElo "1590"]
[PlyCount "90"]
[EventDate "2023.11.03"]
[EventType "swiss"]
[EventRounds "6"]
[EventCountry "ENG"]
[SourceTitle "BritBase"]
[Source "John Saunders"]
[SourceDate "2025.02.10"]
[SourceVersion "1"]
[SourceVersionDate "2025.02.10"]
[SourceQuality "1"]

1. d4 c6 2. c4 d5 3. Nf3 Nf6 4. cxd5 cxd5 5. Nc3 Nc6 6. Bf4 Nh5 7. Bg3 e6 8. e3 Be7 9. Rc1 O-O 10. Bd3 Nf6 11. Bb1 b6 12. Ne5 Bb7 13. O-O Rc8 14. Nxc6 Rxc6 15. Qd3 Qc8 16. Be5 Ba6 17. Qd2 Bxf1 18. Rxf1 Ng4 19. Qe2 g6 20. Bg3 Bd6 21. e4 Bxg3 22. fxg3 dxe4 23. Qxe4 f5 24. Qf3 Rd6 25. a3 Qc4 26. Ba2 Qxd4+ 27. Kh1 Qc5 28. h3 Nf6 29. Re1 Re8 30. Kh2 Qc6 31. Qe2 Ne4 32. Nxe4 fxe4 33. Qxe4 Qxe4 34. Rxe4 Kg7 35. Bc4 e5 36. b3 Rd4 37. Re3 e4 38. g4 Kf6 39. Kg3 Ke5 40. h4 Rd2 41. Ba6 Kd4 42. Re2 Rxe2 43. Bxe2 Rf8 44. g5 Ke3 45. Bc4 Kd2 0-1

[Event "Hampshire Major"]
[Site "Fareham"]
[Date "2023.11.04"]
[Round "2.4"]
[White "Ferreira, Erico Oliveira"]
[Black "Collyer, David"]
[Result "1/2-1/2"]
[WhiteElo "1712"]
[BlackElo "1804"]
[PlyCount "94"]
[EventDate "2023.11.03"]
[EventType "swiss"]
[EventRounds "6"]
[EventCountry "ENG"]
[SourceTitle "BritBase"]
[Source "John Saunders"]
[SourceDate "2025.02.10"]
[SourceVersion "1"]
[SourceVersionDate "2025.02.10"]
[SourceQuality "1"]

1. Nf3 Nf6 2. b3 d5 3. Bb2 c5 4. e3 Nc6 5. Bb5 Bd7 6. O-O e6 7. Bxc6 Bxc6 8. Ne5 Qc7 9. d4 Bd6 10. f4 Bxe5 11. fxe5 Ne4 12. Nd2 b6 13. Nxe4 dxe4 14. c4 O-O 15. Qh5 b5 16. Rf6 bxc4 17. Raf1 cxd4 18. R1f4 Qa5 19. Bxd4 gxf6 20. Rg4+ Kh8 21. Qh4 Qd8 22. Qh6 Rg8 23. Rh4 Rxg2+ 24. Kxg2 Qg8+ 25. Kf2 f5 26. Rh3 Qg6 27. Qh4 f4 28. Qxf4 Qf5 29. Qxf5 exf5 30. Rg3 Rd8 31. e6+ Rxd4 32. exd4 fxe6 33. bxc4 a5 34. Ke3 h5 35. h4 Kh7 36. Kf4 Bb7 37. Ke5 Ba6 38. c5 Bb7 39. a3 Bd5 40. Kf4 Kh6 41. Ke3 a4 42. Rg8 e5 43. Rg5 f4+ 44. Kf2 e3+ 45. Ke2 Bc4+ 46. Kf3 Bd5+ 47. Ke2 Bc4+ 1/2-1/2

[Event "Hampshire Major"]
[Site "Fareham"]
[Date "2023.11.04"]
[Round "2.5"]
[White "Jones, Tim"]
[Black "Vann, Anton"]
[Result "1-0"]
[WhiteElo "1795"]
[BlackElo "1503"]
[PlyCount "95"]
[EventDate "2023.11.03"]
[EventType "swiss"]
[EventRounds "6"]
[EventCountry "ENG"]
[SourceTitle "BritBase"]
[Source "John Saunders"]
[SourceDate "2025.02.10"]
[SourceVersion "1"]
[SourceVersionDate "2025.02.10"]
[SourceQuality "1"]

1. d4 Nf6 2. c4 e6 3. Nc3 Bb4 4. Qc2 O-O 5. Nf3 b6 6. Bg5 Bb7 7. e3 d6 8. O-O-O Nbd7 9. Bd3 Qe8 10. Ne2 d5 11. cxd5 exd5 12. Kb1 c6 13. h3 Ne4 14. Bh4 c5 15. Bb5 a6 16. Bxd7 Qxd7 17. Ne5 Qb5 18. f3 f6 19. fxe4 fxe5 20. dxe5 dxe4 21. Nc3 Bxc3 22. Qxc3 Qe2 23. Qb3+ c4 24. Qxb6 Rab8 25. Qd4 c3 26. Qxc3 Rfc8 27. Qd2 Qb5 28. e6 Qd3+ 29. Qxd3 exd3 30. Rd2 Re8 31. e7 h6 32. b3 Rbc8 33. Rc1 Rc2 34. Rxd3 Rxc1+ 35. Kxc1 g5 36. Bf2 Rxe7 37. g3 Rf7 38. Rd2 Be4 39. Kb2 h5 40. b4 Rc7 41. a3 Kf7 42. Kb3 Rc6 43. a4 Ke6 44. b5 Rb6 45. Kb4 axb5 46. axb5 Bd5 47. Kc5 Rd6 48. e4 1-0

[Event "Hampshire Major"]
[Site "Fareham"]
[Date "2023.11.04"]
[Round "2.6"]
[White "Archer Lock, Helen"]
[Black "McDonald, Robert"]
[Result "1-0"]
[WhiteElo "1642"]
[BlackElo "1788"]
[PlyCount "51"]
[EventDate "2023.11.03"]
[EventType "swiss"]
[EventRounds "6"]
[EventCountry "ENG"]
[SourceTitle "BritBase"]
[Source "John Saunders"]
[SourceDate "2025.02.10"]
[SourceVersion "1"]
[SourceVersionDate "2025.02.10"]
[SourceQuality "1"]

1. d4 d5 2. c4 c6 3. cxd5 cxd5 4. Nf3 Nf6 5. Nc3 e6 6. Bf4 Nc6 7. e3 a6 8. Be2 Bd6 9. Bxd6 Qxd6 10. O-O O-O 11. Qb3 b5 12. Rac1 Na5 13. Qc2 Nc4 14. e4 Qb4 15. e5 Nd7 16. b3 Na3 17. Qd3 Bb7 18. Ng5 g6 19. Qh3 h5 20. Bxh5 Kg7 21. Bxg6 Rh8 22. Nxe6+ fxe6 23. Qxe6 Qxd4 24. Qxd7+ Kxg6 25. Qe6+ Kg7 26. Ne2 1-0

[Event "Hampshire Major"]
[Site "Fareham"]
[Date "2023.11.04"]
[Round "2.7"]
[White "O'Gorman, Brendan"]
[Black "Torrance, John"]
[Result "1-0"]
[WhiteElo "1873"]
[BlackElo "1677"]
[PlyCount "137"]
[EventDate "2023.11.03"]
[EventType "swiss"]
[EventRounds "6"]
[EventCountry "ENG"]
[SourceTitle "BritBase"]
[Source "John Saunders"]
[SourceDate "2025.02.10"]
[SourceVersion "1"]
[SourceVersionDate "2025.02.10"]
[SourceQuality "1"]

1. d4 e6 2. g3 f5 3. Bg2 Nf6 4. Nd2 d5 5. Nh3 Be7 6. O-O O-O 7. c4 c6 8. Qc2 Na6 9. a3 Bd7 10. Nf3 Nc7 11. Nf4 Ne4 12. Ne5 Bf6 13. Nfd3 Be8 14. c5 Ng5 15. a4 Nf7 16. Bf4 Nxe5 17. Bxe5 Bxe5 18. Nxe5 Bf7 19. b4 Ne8 20. b5 Rc8 21. bxc6 bxc6 22. Rfb1 Rc7 23. a5 Nf6 24. Qa4 Be8 25. a6 Ng4 26. Nxg4 fxg4 27. Rb7 Rff7 28. Rab1 g6 29. Qa5 Qd7 30. e3 Kg7 31. Rxc7 Qxc7 32. Qxc7 Rxc7 33. Rb7 Rf7 34. h3 h5 35. hxg4 hxg4 36. Bf1 Kf6 37. Be2 Kf5 38. Bd3+ Kf6 39. Bc2 Re7 40. Bd1 Bf7 41. Bxg4 g5 42. Bd1 Bg6 43. Ba4 Bd3 44. Bxc6 Bxa6 45. Rb2 Bc4 46. Ba4 Rc7 47. Kg2 e5 48. f3 exd4 49. exd4 Re7 50. c6 Ba6 51. Rc2 Bc4 52. g4 Rc7 53. Kg3 Ke6 54. Rc3 a6 55. Re3+ Kf6 56. Re5 Bb5 57. Bxb5 axb5 58. Rxd5 Rxc6 59. Rxb5 Rc1 60. Rf5+ Kg6 61. d5 Rd1 62. Kf2 Rd4 63. Ke3 Rd1 64. Ke4 Re1+ 65. Kd4 Rd1+ 66. Ke5 Re1+ 67. Kd6 Re3 68. Kd7 Re4 69. fxe4 1-0

[Event "Hampshire Major"]
[Site "Fareham"]
[Date "2023.11.04"]
[Round "2.8"]
[White "Syed, Ashraf"]
[Black "Soenen, Maxime"]
[Result "0-1"]
[WhiteElo "1649"]
[BlackElo "1556"]
[PlyCount "86"]
[EventDate "2023.11.03"]
[EventType "swiss"]
[EventRounds "6"]
[EventCountry "ENG"]
[SourceTitle "BritBase"]
[Source "John Saunders"]
[SourceDate "2025.02.10"]
[SourceVersion "1"]
[SourceVersionDate "2025.02.10"]
[SourceQuality "1"]

1. d4 f5 2. Bf4 Nf6 3. e3 g6 4. h3 Bg7 5. Nf3 O-O 6. Bc4+ e6 7. c3 d6 8. Qb3 Qe7 9. Ng5 Re8 10. Nd2 Nc6 11. Qc2 Na5 12. Be2 h6 13. Ngf3 Nd5 14. O-O-O e5 15. Bh2 e4 16. Ne1 a6 17. Qa4 Nc6 18. Bc4 Be6 19. Qb3 Na5 20. Qa3 Nxc4 21. Nxc4 b5 22. Na5 Qf7 23. Nc2 Nb6 24. Nb4 Nc4 25. Nxc4 bxc4 26. d5 Bd7 27. Qa5 Rec8 28. Nc6 Bxc6 29. dxc6 Rab8 30. Qd5 Rb6 31. g4 Rcb8 32. Qd2 Rxb2 33. Qxb2 Rxb2 34. Kxb2 fxg4 35. Bg3 gxh3 36. Rxh3 Qe8 37. Rhh1 Qxc6 38. f3 exf3 39. Be1 Qb7+ 40. Ka1 f2 41. Bd2 Qe4 42. Bc1 Bxc3+ 43. Bb2 Qxe3 0-1